Statistics for Jugadores 2023-2024 La Liga

Click here to take the quiz!

General Stats

  • This quiz has been taken 46 times
  • The average score is 350 of 576

Answer Stats

Equipo#PosiciónPaísFutbolista% Correct
13POREspañaAitor Fernández
91%
3LIEspañaAlejandro Balde
91%
8CENEspañaÁlex Fernández
91%
4DFCEspañaÁlex Suárez
91%
15DFCDinamarcaAndreas Christensen
91%
13PORUcraniaAndriy Lunin
91%
7DCFranciaAntoine Griezmann
91%
5DFCEspañaAridane Hernández
91%
9DCEspañaCarlos Fernández
91%
22LDUruguayDamián Suárez
91%
2LDEspañaDaniel Carvajal
91%
14CENEspañaDani Rodríguez
91%
4DFCAustriaDavid Alaba
91%
5DFCEspañaDavid López
91%
22CENEspañaDenis Suárez
91%
16EIEspañaDiego López
91%
3DFCBrasilÉder Militâo
91%
16CENEspañaFermín López
91%
7EIEspañaFerran Torres
91%
-ENTEspañaFrancisco Rodríguez
91%
6CENEspañaGavi
91%
5CENArgentinaGuido Rodríguez
91%
22CENAlemaniaİlkay Gündoğan
91%
13POREspañaIñaki Peña
91%
15LIEspañaJavi Hernández
91%
27LIEspañaJavi López
91%
2LDPortugalJoâo Cancelo
91%
14EIPortugalJoâo Félix
91%
23DFCFranciaJules Koundé
91%
28LDMéxicoJulián Araujo
91%
20CENEspañaKirian Rodríguez
91%
27EDEspañaLamine Yamal
91%
12DCBrasilLéo Baptistâo
91%
23DFCEspañaLuis Hernández
91%
9DCColombiaLuis Suárez
91%
Barcelona1PORAlemaniaMarc-André Ter Stegen
91%
24EDEspañaMiguel Rodríguez
91%
11EIFranciaMohamed-Ali Cho
91%
6DFCEspañaNacho Fernández
91%
21CENEspañaÓliver Torres
91%
9CENEspañaÓscar Rodríguez
91%
18CENEspañaPablo Torre
91%
-ENTEspañaPaco López
91%
33DFCEspañaPau Cubarsí
91%
8CENEspañaPedri
91%
11EDBrasilRaphinha
91%
Granada1POREspañaRaúl Fernández
91%
9DCPoloniaRobert Lewandowski
91%
17CENEspañaRodri
91%
11EDBrasilRodrygo Goes
91%
4DFCUruguayRonald Araújo
91%
15LDEspañaRubén Peña
91%
Madrid1PORBélgicaThibaut Courtois
91%
19EIEspañaToni Villa
91%
17CENEspañaUnai López
91%
11EDEspañaValery Fernández
91%
-ENTEspañaXavi Hernández
91%
20LIBrasilAbner Vinícius
82%
22DCEspañaAlberto Marí
82%
14CENEspañaAleix García
82%
18EIEspañaÁlvaro García
82%
19DCEspañaÁlvaro Morata
82%
21CENEspañaAnder Herrera
82%
21DCPortugalAndré Silva
82%
10EDArgentinaÁngel Correa
82%
22DFCAlemaniaAntonio Rüdiger
82%
18CENFranciaAurélien Tchouameni
82%
10CENEspañaBorja García
82%
21CENMarruecosBrahim Díaz
82%
-ENTItaliaCarlo Ancelotti
82%
16DCEspañaChris Ramos
82%
7DCEspañaCristian Herrera
82%
14CENEspañaDani García
82%
5DFCEspañaDavid García
82%
25DFCEspañaEric García
82%
-ENTEspañaErnesto Valverde
82%
15CENUruguayFede Valverde
82%
23LIFranciaFerland Mendy
82%
20LIEspañaFran García
82%
10DCEspañaIago Aspas
82%
10CENEspañaIker Muniain
82%
19LIEspañaImanol García de Albéniz
82%
9EDGhanaIñaki Williams
82%
13POREsloveniaJan Oblak
82%
14DCEspañaJoselu
82%
5CENInglaterraJude Bellingham
82%
15DCEspañaKike García
82%
14EIBrasilLázaro Vinícius
82%
-ENTEspañaLuis García Plaza
82%
25PORPortugalLuis Maximiano
82%
10CENCroaciaLuka Modrić
82%
17LIEspañaMarcos Alonso
82%
14CENEspañaMarcos Llorente
82%
12DCRepública DominicanaMariano Díaz
82%
4CENEspañaMartín Zubimendi
82%
9DCPaíses BajosMemphis Depay
82%
16LDArgentinaNahuel Molina
82%
11EIEspañaNico Williams
82%
23DCEspañaRaúl García
82%
22DCEspañaRaúl García
82%
23LIMozambiqueReinildo Mandava
82%
14EIEspañaRubén García
82%
13PORPortugalRui Silva
82%
8CENEspañaSaúl Ñíguez
82%
Osasuna1POREspañaSergio Herrera
82%
4DFCEspañaSergio Ramos
82%
14EDJapónTakefusa Kubo
82%
11CENFranciaThomas Lemar
82%
8CENAlemaniaToni Kroos
82%
4DFCEspañaUnai García
82%
Athletic Club1POREspañaUnai Simón
82%
7DCKosovoVedat Muriqi
82%
7EIBrasilVinícius Junior
82%
20LDBrasilYan Couto
82%
21CENVenezuelaYangel Herrera
82%
29EIEspañaAdu Ares
73%
4DFCEspañaAitor Paredes
73%
18LIEspañaAlberto Moreno
73%
11DCNoruegaAlexander Sørloth
73%
Real Sociedad1POREspañaÁlex Remiro
73%
13POREspañaÁlvaro Valles
73%
18CENMéxicoAndrés Guardado
73%
17DCHondurasAnthony ''Choco'' Lozano
73%
15DCHondurasAnthony ''Choco'' Lozano
73%
18CENEspañaAntonio Sánchez
73%
Alavés1POREspañaAntonio Sivera
73%
24CENTurquíaArda Güler
73%
4LDEspañaArnau Martínez
73%
12CENRusiaArsen Zakharyan
73%
9DCUcraniaArtem Dovbyk
73%
20DCEspañaAsier Villalibre
73%
20DFCBélgicaAxel Witsel
73%
10EIEspañaAyoze Pérez
73%
25EDBurkina FasoBertrand Traoré
73%
7EDEspañaCarles Pérez
73%
3LDEspañaCésar Azpilicueta
73%
Betis1PORChileClaudio Bravo
73%
19CENEspañaDani Ceballos
73%
3DFCEspañaDani Vivian
73%
-ENTArgentinaDiego Pablo ''Cholo'' Simeone
73%
12CENFranciaEduardo Camavinga
73%
13POREspañaFernando Martínez
73%
23EDEspañaFran Pérez
73%
21CENPaíses BajosFrenkie De Jong
73%
7DCEspañaGerard Moreno
73%
25PORGeorgiaGiorgi Mamardashvili
73%
20DCArgentinaGiuliano Simeone
73%
18LDMalíHamari Traoré
73%
10CENRumaníaIanis Hagi
73%
5DFCEspañaIgor Zubeldia
73%
5DFCEspañaíñigo Martínez
73%
-ENTEspañaÍñigo Pérez
73%
16CENEspañaÍñigo Ruiz de Galarreta
73%
20DCEspañaIsaac Romero
73%
22CENEspañaIsco
73%
23CENEspañaIván Martín
73%
10CENCroaciaIván Rakitić
73%
16LDEspañaJesús Navas
73%
21LIEspañaJesús Vázquez
73%
32EIEspañaJordi Martín
73%
2DFCUruguayJosé María Giménez
73%
26LDEspañaJuanlu Sánchez
73%
13POREspañaJulen Agirrezabala
73%
25POREspañaKepa Arrizabalaga
73%
20LDEspañaKevin Vázquez
73%
17LIEscociaKieran Tierney
73%
14CENEspañaKike Pérez
73%
6CENEspañaKoke
73%
17LDEspañaLucas Vázquez
73%
38EDArgentinaLuka Romero
73%
23LIEspañaManu Sánchez
73%
38DCEspañaMarc Guiu
73%
13POREspañaMarc Martínez
73%
Sevilla1PORSerbiaMarko Dmitrović
73%
25DCUruguayMaxi Gómez
73%
15DFCEspañaMika Mármol
73%
8CENEspañaMikel Merino
73%
10EIEspañaMikel Oyarzabal
73%
16EIEspañaMoi Gómez
73%
17EDMarruecosMunir El Haddadi
73%
32CENArgentinaNico Paz
73%
8CENEspañaOihan Sancet
73%
13PORNoruegaØrjan Nyland
73%
24CENEspañaPablo Barrios
73%
13PORArgentinaPaulo Gazzaniga
73%
18CENEspañaPepelu
73%
-ENTEspañaPepe Mel
73%
Villarreal1POREspañaPepe Reina
73%
11EDRepública DominicanaPeter Federico González
73%
Mallorca1PORSerbiaPredrag Rajković
73%
9DCEspañaRafa Mir
73%
5CENPerúRenato Tapia
73%
12LDEspañaRicard Sánchez
73%
5CENArgentinaRodrigo De Paul
73%
25EIEspañaRodrigo Riquelme
73%
21DCEspañaRoger Martí
73%
12EIBrasilSamuel Lino
73%
16EIBrasilSavinho
73%
19CENEspañaSergio Arribas
73%
20CENEspañaSergi Roberto
73%
11DCSurinamSheraldo Becker
73%
23DFCSerbiaStefan Mitrović
73%
15DFCMontenegroStefan Savić
73%
19DCNigeriaUmar Sadiq
73%
30CENEspañaUnai Gómez
73%
-ENTEspañaVicente Moreno
73%
8EDUcraniaViktor Tsygankov
73%
19DCBrasilVitor Roque
73%
15DCMarruecosYoussef En-Nesyri
73%
7EIMarruecosAbde Ezzalzouli
64%
5DFCMarruecosAbdel Abqar
64%
10EDEspañaAdrián Embarba
64%
3LIEspañaAihen Muñoz
64%
23DFCArgeliaAïssa Mandi
64%
10CENEspañaAlberto Moleiro
64%
7EIEspañaÁlex Berenguer
64%
12LIUruguayAlfonso ''Pacha'' Espino
64%
12DCGreciaAnastasios Douvikas
64%
6CENEspañaAnder Guevara
64%
10CENPortugalAndré Almeida
64%
2LDRumaníaAndrei Rațiu
64%
17DCCroaciaAnte Budimir
64%
21DFCEspañaAntonio Raíllo
64%
18CENBélgicaArthur Vermeeren
64%
38EIEspañaAssane Diao
64%
10EICabo VerdeBebé
64%
24CENEspañaBeñat Prados
64%
9EIChileBen Brereton
64%
11EIEspañaBenito Ramírez
64%
9DCEspañaBorja Iglesias
64%
19DCEspañaBorja Mayoral
64%
10EIUruguayBryan Ocampo
64%
26EIEspañaBryan Zaragoza
64%
4DFCTurquíaÇağlar Söyüncü
64%
2DFCSueciaCarl Starfelt
64%
22DFCMéxicoCésar Montes
64%
7DCUruguayCristhian Stuani
64%
17DCCanadáCyle Larin
64%
17DFCPaíses BajosDaley Blind
64%
18LIPaíses BajosDaley Sinkgraven
64%
10CENEspañaDani Parejo
64%
16LIEspañaDiego Rico
64%
2DFCTogoDjené Dakonam
64%
18CENSuizaDjibril Sow
64%
10DCTurquíaEnes Ünal
64%
6CENFranciaÉtienne Capoue
64%
19EDUruguayFacundo Pellistri
64%
3DFCEspañaFali
64%
13PORDinamarcaFilip Jörgensen
64%
-ENTEspañaFrancisco Javier García Pimienta
64%
19CENFranciaFrancis Coquelin
64%
4DFCBrasilGabriel Paulista
64%
5DFCBrasilGabriel Paulista
64%
4DFCUruguayGastón Álvarez
64%
9EIPortugalGonçalo Guedes
64%
12DCEspañaGorka Guruzeta
64%
1PORRumaníaHoraţiu Moldovan
64%
33EIEspañaHugo Álvarez
64%
9DCEspañaHugo Duro
64%
34CENEspañaIker Muñoz
64%
-ENTEspañaImanol Alguacil
64%
15LDEspañaÍñigo Lekue
64%
7EDEspañaIsi Palazón
64%
20LDAlbaniaIván Balliu
64%
Atlético1PORCroaciaIvo Grbić
64%
7DCEspañaJaime Mata
64%
Valencia1POREspañaJaume Doménech
64%
-ENTMéxicoJavier Aguirre
64%
8CENEspañaJavi Guerra
64%
5CENEspañaJavi Muñoz
64%
Cádiz1PORArgentinaJeremías ''Conan'' Ledesma
64%
12LDEspañaJesús Areso
64%
31PORGuinea EcuatorialJesús Owono
64%
22CENColombiaJhon Solís
64%
22LIColombiaJohan Mojica
64%
17EICosta de MarfilJonathan Bamba
64%
8CENEspañaJonathan Viera
64%
21CENEspañaJonathan Viera
64%
18CENEspañaJon Guridi
64%
7CENEspañaJon Moncayola
64%
-ENTEspañaJosé Bordalás
64%
-ENTEspañaJosé Luis Mendilibar
64%
Girona1POREspañaJuan Carlos
64%
21LDEspañaJuan Iglesias
64%
14DCEspañaJuanmi Latasa
64%
3LIEspañaJuan Miranda
64%
14CENEstados UnidosLuca de la Torre
64%
5EIArgentinaLucas Ocampos
64%
5CENArgentinaLucas Robertone
64%
11EIEspañaLuis Rioja
64%
11EDBrasilLuiz Henrique
64%
-ChileManuel Pellegrini
64%
19DCEspañaMarc Cardona
64%
19LIArgentinaMarcos Acuña
64%
22DFCEspañaMario Hermoso
64%
2EDEspañaMarvin Park
64%
12EDInglaterraMason Greenwood
64%
8CENUruguayMauro Arambarri
64%
-ENTEspañaMíchel
64%
11EIAlbaniaMyrto Uzuni
64%
8CENFranciaNabil Fekir
64%
20CENSerbiaNemanja Maksimović
64%
18CENEspañaOriol Romeu
64%
18LDEspañaÓscar de Marcos
64%
8CENArgentinaÓscar Trejo
64%
15LDArgentinaPablo Maffeo
64%
21CENSenegalPathé Ciss
64%
24EDEspañaPortu
64%
9DCColombiaRadamel Falcao
64%
-ENTEspañaRafa Benítez
64%
16DFCEspañaRafa Marín
64%
27CENEspañaRobert Navarro
64%
24DFCEspañaRobin Le Normand
64%
32DCEspañaSamu Omorodion
64%
9DCEspañaSandro Ramírez
64%
23DFCGuinea EcuatorialSaúl Coco
64%
3LIEspañaSergi Cardona
64%
Rayo Vallecano1PORMacedonia del NorteStole Dimitrievski
64%
12LDPortugalThierry Rendall Correia
64%
3LIEspañaToni Lato
64%
5DFCEspañaYeray Álvarez
64%
21EDEspañaYéremy Pino
64%
23LDSenegalYoussouf Sabaly
64%
17LIEspañaYuri Berchiche
64%
9DCEspañaAbdón Prats
55%
25EDBélgicaAdnan Januzaj
55%
26LDEspañaAdrià Altimira
55%
10CENEspañaAimar Oroz
55%
24DFCEspañaAlejandro Catena
55%
17LDEspañaAlejandro Pozo
55%
24LIEspañaAlfonso Pedraza
55%
2LDEspañaÁlvaro Odriozola
55%
2LDEspañaAndoni Gorosabel
55%
8CENEspañaAntonio Blanco
55%
22CENEspañaBeñat Turrientes
55%
23CENEspañaBrais Méndez
55%
2DFCUruguayBruno Méndez
55%
11CENEspañaCarles Aleñá
55%
11DCRD CongoCédric Bakambu
55%
15DFCTurquíaCenk Özkacar
55%
28DFCMarruecosChadi Riad
55%
9DCArgentinaChimy Ávila
55%
9DCArgentinaChimy Ávila
55%
-ENTEspañaClaudio Giráldez
55%
3DFCEspañaCristhian Mosquera
55%
8CENSerbiaDarko Brašanac
55%
18EIVenezuelaDarwin Machís
55%
13POREspañaDavid Gil
55%
13POREspañaDavid Soria
55%
Almería1POREspañaDiego Mariño
55%
6CENSenegalDion Lopy
55%
11EDBélgicaDodi Lukébakio
55%
6DFCPortugalDomingos Duarte
55%
3DFCEspañaEdgar González
55%
12CENFranciaEnzo Loiodice
55%
12DFCCosta de MarfilEric Bailly
55%
17EDArgentinaErik Lamela
55%
25CENEspañaFabio González
55%
20CENBrasilFernando Reges
55%
24DFCFranciaFlorian Lejeune
55%
8CENEspañaFran Beltrán
55%
11EIArgentinaFranco Cervi
55%
6DFCArgentinaGermán Pezzella
55%
20LDUruguayGiovanni González
55%
24CENEspañaGonzalo Villar
55%
30EDEspañaHugo González
55%
4CENGhanaIddrisu Baba
55%
24CENGuineaIlaix Moriba
55%
11EDEspañaIván Alejo
55%
13POREspañaIván Villar
55%
-ENTEspañaJagoba Arrasate
55%
11LIEspañaJaume Costa
55%
25LIEspañaJavi Galán
55%
18LIEspañaJavi Galán
55%
8CENEspañaJoan Jordán
55%
4CENEstados UnidosJohnny Cardoso
55%
20DFCEspañaJon Pacheco
55%
18DCNoruegaJørgen Strand Larsen
55%
14LIEspañaJosé Luis Gayà
55%
15DFCGhanaJoseph Aidoo
55%
6CENEspañaJosé Pozo
55%
-ENTEspañaJosé Ramón Sandoval
55%
8LDArgentinaJuan Foyth
55%
7EIBélgicaLargie Ramazani
55%
22DFCFranciaLoïc Badé
55%
7DCArgentinaLucas Boyé
55%
6CENEspañaLucas Torró
55%
5CENEspañaLuis Milla
55%
23DFCBrasilMarcâo
55%
15DFCEspañaMarc Bartra
55%
-ENTEspañaMarcelino García Toral
55%
18LDEspañaMarc Pubill
55%
2DFCItaliaMatteo Gabbia
55%
8CENArgentinaMáximo Perrone
55%
3LIEspañaMiguel Gutiérrez
55%
6CENEspañaMikel Vesga
55%
4DFCGuineaMouctar Diakhaby
55%
14LDArgentinaNahuel Tenaglia
55%
6DFCSerbiaNemanja Gudelj
55%
15DFCParaguayOmar Alderete
55%
3LDEspañaÓscar Mingueza
55%
18CENEspañaPablo Fornals
55%
3LIEspañaPep Chavarría
55%
-ENTEspañaQuique Sánchez Flores
55%
-ENTEspañaQuique Setién
55%
11CENFranciaRandy Nteka
55%
3DFCEspañaRaúl Albiol
55%
22DCEspañaRaúl De Tomás ''RDT''
55%
17DCUcraniaRoman Yaremchuk
55%
4CENEspañaRubén Alcaraz
55%
3LIEspañaRubén Duarte
55%
-ENTEspañaRubén ''Pipo'' Baraja
55%
7DCEspañaRubén Sobrino
55%
12CENPortugalSamú Costa
55%
27CENEspañaSergi Altimira
55%
7EDEspañaSergi Canós
55%
34DCEspañaSergio Camello
55%
-ENTEspañaSergio González
55%
4DFCBélgicaSiebe Van Der Heyden
55%
19DFCGreciaSokratis Papastathopoulos
55%
7EDEspañaSuso
55%
26POREspañaToni Fuidias
55%
4DFCEspañaUnai Núñez
55%
16LDEspañaVíctor Díaz
55%
14CENPortugalWilliam Carvalho
55%
12DCBrasilWillian José
55%
19CENSueciaWilliot Swedberg
55%
34DFCEspañaYarek Gasiorowski
55%
25CENEspañaYellu Santiago
55%
2DFCColombiaYerson Mosquera
55%
16DFCGhanaAbdul Mumin
45%
Celta de Vigo1PORArgentinaAgustín Marchesín
45%
24EDEspañaAitor Ruibal
45%
10DCArgentinaAlejo Véliz
45%
16DFCSerbiaAleksandar Radovanović
45%
4DFCSerbiaAleksandar Sedlar
45%
16CENEspañaÁlex Baena
45%
7EIEspañaAnder Barrenetxea
45%
13PORPortugalAndré Ferreira
45%
6DFCEspañaAritz Elustondo
45%
25PORArgentinaAugusto Batalla
45%
2DFCColombiaBernardo Espinosa
45%
24CENFranciaBoubakary Soumaré
45%
24LIMozambiqueBruno Langa
45%
23CENUruguayCarlos Benavídez
45%
28DFCEspañaCarlos Domínguez
45%
15LIEspañaCarlos Neva
45%
22EDEspañaCarlos Vicente
45%
21DFCEspañaChumi
45%
13POREspañaCristian Rivero
45%
-ENTUruguayDiego Alonso
45%
20LDFranciaDimitri Foulquier
45%
13POREslovaquiaDominik Greif
45%
-ENTEspañaGaizka Garitano
45%
11CENEspañaGonzalo Melero
45%
46CENTúnezHannibal Mejbri
45%
2LDEspañaHéctor Bellerín
45%
6CENEspañaHugo Guillamón
45%
14DFCEspañaIgnasi Miquel
45%
27EDMarruecosIlias Akhomach
45%
16CENBrasilJailson
45%
19EDEspañaJorge De Frutos
45%
22DFCEspañaJorge Meré
45%
2LDEspañaJoseba Zaldua
45%
6DFCEspañaJosé Copete
45%
15DCEspañaJosé Luis Morales
45%
15DFCEspañaJuanpe
45%
2DFCBrasilKaiky
45%
11EDEspañaKike Barja
45%
27DFCEspañaKike Salas
45%
33LIBrasilLucas Pires
45%
14CENEspañaManu Trigueros
45%
29DCSerbiaMarko Milovanović ''Marezi''
45%
24DFCEslovaquiaMartin Valjent
45%
-ENTArgentinaMauricio Pellegrino
45%
21LISerbiaMihailo Ristić
45%
24EIEspañaPejiño
45%
23CENEspañaPeru Nolaskoain
45%
12CENMalíRominigue Kouamé
45%
4CENEspañaSanti Comesaña
45%
19CENMarruecosSelim Amallah
45%
10CENEspañaSergi Darder
45%
20CENEspañaSergio Ruiz
45%
16DCGuineaSory Kaba
45%
14DFCFranciaTanguy Nianzou
45%
Las Palmas1POREspañaAarón Escandell
36%
21EIArgeliaAbde Rebbach
36%
24DFCSiriaAiham Ousou
36%
7EDEspañaÁlex Sola
36%
14LDEspañaÁlvaro Lemos
36%
23EISenegalAmath Ndiaye
36%
6CENEspañaCarlos Dotor
36%
13POREspañaDani Cárdenas
36%
3LIArgentinaFabrizio Angileri
36%
23CENEspañaGerard Gumbau
36%
17CENArgentinaGonzalo Escalante
36%
24LDGuinea BissauHouboulang Mendes
36%
30CENEspañaHugo Sotelo
36%
23DCMalíIbrahima Koné
36%
20LDEspañaIza Carcelén
36%
22LDEspañaJavier Manquillo
36%
5DFCEspañaJesús Vallejo
36%
5DFCEspañaJorge Cuenca
36%
28DFCEspañaJorge Herrando
36%
18LDEspañaJosé Ángel Carmona
36%
9EDEspañaJosé Callejón
36%
3LIEspañaJuan Cruz
36%
16EDEspañaJuan Cruz
36%
17LDEspañaKiko Femenía
36%
42CENFranciaLucien Agoumé
36%
21CENEspañaMarc Roca
36%
2DFCSerbiaMatija Nastasić
36%
2LDEspañaNacho Vidal
36%
22LDEspañaNacho Vidal
36%
23EISerbiaNemanja Radonjić
36%
5CENEspañaOmar Mascarell
36%
23CENEspañaÓscar Valentín
36%
-ENTEspañaPacheta
36%
20CENEspañaRamón Terrats
36%
19DCEspañaSergi Guardiola
36%
17DCIsraelShon Weissman
36%
25POREspañaVicente Guaita
36%
5DFCEspañaVíctor Chust
36%
3LIEspañaAdrià Pedrosa
27%
-ENTEspañaAlberto Lasarte
27%
22EIEspañaAlberto Perea
27%
-ENTUruguayAlexander ''Cacique'' Medina
27%
20LIEspañaÁlex Centelles
27%
33LIEspañaÁlvaro Carreras
27%
9DCEspañaÁlvaro Negredo
27%
10EDEspañaAntonio Puertas
27%
8CENEspañaArnau Puigmal
27%
3LIFranciaFaitout Maouassá
27%
2DFCArgentinaFederico Gattoni
27%
6CENMalíIbrahima Kébé
27%
25POREspañaIván ''Pichu'' Cuéllar
27%
16CENEspañaJon Ander Olasagasti
27%
9DCEspañaJon Karrikaburu
27%
6CENEspañaJosé Mari
27%
18EIPoloniaKamil Jóźwiak
27%
22DFCPoloniaKamil Piątkowski
27%
8CENEspañaManu Morlanes
27%
6CENCamerúnMartin Hongla
27%
8DCUruguayMatías Arezo
27%
15CENPortugalMiguel Crespo
27%
4DFCEspañaMiguel Rubio
27%
19DFCSerbiaNikola Maraš
27%
21CENEspañaÓscar Melendo
27%
28DFCEspañaRaúl Torrente
27%
15LIEspañaSergio Akieme
27%
17EDCanadáTheo Corbeanu
27%
32POREspañaUnai Marrero
27%
-EIEspañaVitolo
27%
3LDPortugalWilson Manafá
27%
17EDEspañaXeber Alkain
27%
Getafe1PORBrasilDaniel Fuzato
18%
6CENMalíDiadié Samassékou
18%
6DFCEspañaEric Curbelo
18%
24CENEspañaFede San Emeterio
18%
20DCEspañaJosé Arnaiz
18%
21CENEspañaJosé Campaña
18%
31DFCEspañaJuanma Herzog
18%
34DCGuinea BissauMarciano Sanca
18%
-EIBrasilMarcos Paulo
18%
4DFCEspañaMartín Pascual
18%
14DFCSenegalMomo Mbaye
18%
22CENRD CongoOmenuke Mfulu
18%
27CENEspañaPablo Gozálbez
18%
19CENEspañaPablo Ibáñez
18%
9EDArgentinaTadeo Allende
18%
26CENEspañaUrko González De Zarate
18%
19DCSenegalFamara Diédhiou
9%
19EIEspañaJavi Llabrés
9%
9EIEspañaJuanmi
9%
-EIEspañaMartín Merquelanz
9%
18CENSerbiaNjegoš Petrović
9%

Score Distribution

Percentile by Number Answered

Percent of People with Each Score

Your Score History

You have not taken this quiz